000 00902nam a22002657a 4500
999 _c33552
_d33552
001 2805
003 CO-MdFUSB
005 20180622073124.0
008 171122t1979 sp ||||| |||| 00| 0 spa d
020 _a84-7057-258-X
040 _aCO-MdFUSB
_bspa
_cCO-MdFUSB
_dCO-MdFUSBC
_erda
041 0 _aspa
_heng
082 0 4 _aG 226.5 B87717d
100 1 _aBrown, Raymond E. (Edward)
_eautor
245 1 3 _aEl evangelio Según Juan
_b: Introducción, traducción y notas
_c/ Raymond E. Brown ; J. Valiente Malla, Traductor
264 4 _aMadrid, España :
_bCristiandad,
_c©1979
300 _a1557 Pag
336 _2rdacontent
_atexto
_btxt
337 _2rdamedia
_asin mediación
_bn
338 _2rdacarrier
_avolumen
_bnc
500 _aTítulo original : The gospel according to John
505 0 0 _aTomo I : Cap. I-XII. Tomo II : Cap. XIII-XXI
653 _aBiblia N.T. - Juan - Comentarios
942 _cBK